Roman Empire Countries - Statistics

General Stats
  • This quiz has been taken 79 times
  • The average score is 51 of 56
Answer Stats
Current area (km²) Country % Correct
504,851 Spain
98%
244,820 United Kingdom
98%
83,858 Austria
97%
1,010,407 Egypt
97%
547,030 France
97%
1,759,541 Libya
97%
30,528 Belgium
95%
357,021 Germany
95%
93,030 Hungary
95%
710,850 Morocco
95%
91,568 Portugal
95%
238,391 Romania
95%
17,075,400 Russia
95%
61 San Marino
95%
20,273 Slovenia
95%
0.44 Vatican City
95%
2,381,741 Algeria
94%
131,957 Greece
94%
301,230 Italy
94%
2,586 Luxembourg
94%
48,845 Slovakia
94%
41,290 Switzerland
94%
185,180 Syria
94%
468 Andorra
92%
110,910 Bulgaria
92%
56,542 Croatia
92%
1,648,195 Iran
92%
438,317 Iraq
92%
20,770 Israel
92%
1.95 Monaco
92%
88,361 Serbia
92%
163,610 Tunisia
92%
783,562 Turkey
92%
603,700 Ukraine
92%
28,748 Albania
91%
51,129 Bosnia and Herzegovina
91%
160 Liechtenstein
91%
41,526 Netherlands
91%
2,149,690 Saudi Arabia
91%
10,887 Kosovo
89%
10,452 Lebanon
89%
25,713 Macedonia
89%
13,812 Montenegro
89%
316 Malta
88%
29,743 Armenia
86%
78,866 Czech Republic
86%
92,300 Jordan
86%
86,600 Azerbaijan
85%
9,251 Cyprus
85%
69,700 Georgia
85%
33,843 Moldova
83%
17,820 Kuwait
80%
70,280 Ireland
79%
1,886,068 Sudan
79%
527,970 Yemen
71%
6,220 Palestine
45%
No matching quizzes found
Score Distribution
Percent of People with Each Score
Percentile by Number Answered
Your Score History
You have not taken this quiz